Statistics for Svenska fotbollslandslaget 2022

Click here to take the quiz!

General Stats

  • This quiz has been taken 35 times
  • The average score is 13 of 23

Answer Stats

Nuvarande lagNummerAnswer% Correct
RB Leipzig10Emil Forsberg
89%
Aston Villa1Robin Olsen
89%
AC Milan11Zlatan Ibrahimović
89%
Real Sociedad9Alexander Isak
86%
Manchester United3Victor Lindelöf
86%
Greuther Fürth12Andreas Linde
71%
Manchester United17Anthony Elanga
71%
Newcastle United2Emil Krafth
71%
Tottenham21Dejan Kulusevski
68%
Dalian Professional4Marcus Danielsson
68%
Al Ettifaq22Robin Quaison
61%
Anderlecht20Kristoffer Olsson
57%
Sevilla6Ludwig Augustinsson
57%
Rangers14Filip Helander
46%
AZ Alkmaar16Jesper Karlsson
46%
Bologna19Mattias Svanberg
46%
FC Köpenhamn7Victor Claesson
46%
Greuther Fürth8Branimir Hrgota
32%
Lech Poznań13Jesper Karlström
32%
AIK23Kristoffer Nordfeldt
32%
Aris18Daniel Sundgren
29%
Djurgårdens IF5Pierre Bengtsson
25%
Celtic15Carl Starfelt
14%

Score Distribution

Percentile by Number Answered

Percent of People with Each Score

Your Score History

You have not taken this quiz